|
|
|
|
| LEADER |
01322nam a2200349Ia 4500 |
| 001 |
EBC3412079 |
| 003 |
MiAaPQ |
| 005 |
20200520144314.0 |
| 006 |
m o d | |
| 007 |
cr cn||||||||| |
| 008 |
050125s2005 bccac sb 001 0 eng d |
| 016 |
|
|
|z 2005900486X
|
| 020 |
|
|
|z 0774811188 (bound)
|
| 035 |
|
|
|a (MiAaPQ)EBC3412079
|
| 035 |
|
|
|a (Au-PeEL)EBL3412079
|
| 035 |
|
|
|a (CaPaEBR)ebr10126257
|
| 035 |
|
|
|a (CaONFJC)MIL93938
|
| 035 |
|
|
|a (OCoLC)923441529
|
| 040 |
|
|
|a MiAaPQ
|c MiAaPQ
|d MiAaPQ
|
| 050 |
|
4 |
|a HD6059.6.C32
|b R43 2005
|
| 082 |
0 |
4 |
|a 331.4/2592/0971
|2 22
|
| 100 |
1 |
|
|a Little, Margaret Jane Hillyard,
|d 1958-
|
| 245 |
1 |
0 |
|a If I had a hammer
|h [electronic resource] :
|b retraining that really works /
|c Margaret Hillyard Little.
|
| 260 |
|
|
|a Vancouver :
|b UBC Press,
|c 2005.
|
| 300 |
|
|
|a x, 182 p. :
|b ill., ports.
|
| 504 |
|
|
|a Includes bibliographical references and index.
|
| 533 |
|
|
|a Electronic reproduction. Ann Arbor, MI : ProQuest, 2015. Available via World Wide Web. Access may be limited to ProQuest affiliated libraries.
|
| 650 |
|
0 |
|a Occupational training for women
|z Canada.
|
| 650 |
|
0 |
|a Poor women
|x Employment
|z Canada.
|
| 655 |
|
4 |
|a Electronic books.
|
| 710 |
2 |
|
|a ProQuest (Firm)
|
| 856 |
4 |
0 |
|u https://ebookcentral.proquest.com/lib/matrademy/detail.action?docID=3412079
|z Click to View
|